[Event "Miedzynarodowe Mistrzostwa Chrzanowa w szachach klasycznych"]
[Site "SP8 Chrzanow, ul. Pogorska 8C "]
[Date "1899-12-30"]
[Round "1.1"]
[White "Tomczak, Mikolaj"]
[Black "Szczurek, Krzysztof"]
[Result "1-0"]
[WhiteTitle "FM"]
[BlackTitle "FM"]
[WhiteElo "2383"]
[BlackElo "2149"]

1. Nf3 Nf6 2. c4 g6 3. g3 Bg7 4. Bg2 O-O 5. O-O c6 6. d4 d5 7. cxd5 cxd5 8. Nc3
Nc6 9. Ne5 Nxe5 10. dxe5 Ng4 11. Nxd5 Nxe5 12. Bg5 f6 13. Bf4 e6 14. Bxe5 fxe5
15. Ne3 Qe7 16. Rc1 Rb8 17. Qa4 b6 18. Qc4 e4 19. b3 Bb7 20. Bxe4 Rbc8 21. Qd3
Rcd8 22. Qc2 Bxe4 23. Qxe4 Rd4 24. Qc6 Bh6 25. Rc3 Rd2 26. Ng4 Bg7 27. Re3 Rd6
28. Qc2 Qg5 29. Re4 Rfd8 30. a4 a6 31. h4 Qe7 32. Nh2 Qb7 33. Nf3 b5 34. axb5
axb5 35. Rg4 Rc8 36. Qb1 Rc5 37. Rd1 Rxd1+ 38. Qxd1 Rd5 39. Qc2 Qd7 40. Kg2 Bf8
41. Qe4 Bg7 42. Ng5 e5 43. h5 Rd6 44. Nf3 Qc6 45. hxg6 hxg6 46. Qxc6 Rxc6 47.
Rb4 Rb6 48. Re4 Re6 49. e3 Kf8 50. Kf1 Ke7 51. Ke2 Kd6 52. Rg4 Ke7 53. Ng5 Rc6
54. Rb4 Rb6 55. Ne4 Kd7 56. Nc3 Kc6 57. Rg4 Kd7 58. Rb4 Kc6 59. Kd3 Kc5 60. Rg4
Ra6 61. b4+ Kd5 62. Ke4+ 1-0

[Event "Miedzynarodowe Mistrzostwa Chrzanowa w szachach klasycznych"]
[Site "SP8 Chrzanow, ul. Pogorska 8C "]
[Date "1899-12-30"]
[Round "1.2"]
[White "Nester, Ihor"]
[Black "Pniaczek, Marek"]
[Result "1/2-1/2"]
[WhiteTitle "IM"]
[BlackTitle "CM"]
[WhiteElo "2340"]
[BlackElo "2107"]

1. d4 d5 2. Nf3 Nf6 3. c4 e6 4. g3 Be7 5. Bg2 O-O 6. O-O dxc4 7. Qc2 a6 8. a4 Bd7
9. Rd1 Bc6 10. Nc3 Nd5 11. e4 Nxc3 12. bxc3 b5 13. Ne5 Bb7 14. Rb1 c5 15. Nxc4
cxd4 16. Rxd4 Qc7 17. Bf4 Qc5 18. Bd6 Bxd6 19. Nxd6 Bc6 20. axb5 axb5 21. Qb2
e5 22. Rd3 Nd7 23. Qd2 Nf6 24. Re1 Rfd8 25. Nf5 Rxd3 26. Qxd3 g6 27. Qd2 Ng4 28.
h3 Nxf2 29. Nh6+ Kg7 30. Kh2 Nxe4 31. Bxe4 Bxe4 32. Rxe4 Ra1 33. Nf5+ gxf5 34.
Qg5+ Kh8 35. Qd8+ 1/2-1/2

[Event "Miedzynarodowe Mistrzostwa Chrzanowa w szachach klasycznych"]
[Site "SP8 Chrzanow, ul. Pogorska 8C "]
[Date "1899-12-30"]
[Round "1.3"]
[White "Ustianovich, Nazar"]
[Black "Stachanczyk, Jacek"]
[Result "1-0"]
[WhiteTitle "FM"]
[BlackTitle "IM"]
[WhiteElo "2375"]
[BlackElo "2209"]

1. d4 d5 2. c4 e6 3. Nf3 Nf6 4. Nc3 Be7 5. g3 Nbd7 6. b3 c5 7. cxd5 exd5 8. Bg2
Qa5 9. Bd2 cxd4 10. Nxd4 Qb6 11. Nf5 Bf8 12. O-O Nc5 13. Ne3 d4 14. Ned5 Nxd5
15. Nxd5 Qd8 16. Bf4 Ne6 17. Be5 Bc5 18. Rc1 O-O 19. Nc7 Nxc7 20. Rxc5 Ne6 21.
Rd5 Qb6 22. Bxd4 Nxd4 23. Qxd4 Be6 24. Qxb6 axb6 25. Rd2 Rfb8 26. Rc1 Kf8 27.
f4 Ra5 28. Rc7 Rba8 29. Rcc2 R8a7 30. Kf2 Rc5 31. Ke1 Ke7 32. Bf3 g6 33. g4 h6
34. Kf2 Raa5 35. h3 Ra7 36. e3 Rca5 37. Ke2 Ra3 38. Kd1 b5 39. h4 b4 40. g5 hxg5
41. hxg5 b6 42. Ke2 R3a5 43. Be4 Rc5 44. Rb2 Rac7 45. Rd4 Rb5 46. Bd3 Rd5 47.
Rxd5 Bxd5 48. e4 Be6 49. Ke3 Ra7 50. f5 gxf5 51. exf5 Bd5 52. Kd4 Ra5 53. Re2+
Kd6 54. Re5 Rc5 55. Bc4 Bb7 56. Rxc5 bxc5+ 57. Ke3 Ke5 58. g6 fxg6 59. fxg6 Kf6
60. Bd3 Bd5 61. Kf4 Bc6 62. g7 Kxg7 63. Ke5 Kf7 64. Kd6 Bf3 65. Kxc5 Ke7 66. Kxb4
Kd6 67. Kb5 Kc7 68. b4 Kb7 69. Kc5 1-0

[Event "Miedzynarodowe Mistrzostwa Chrzanowa w szachach klasycznych"]
[Site "SP8 Chrzanow, ul. Pogorska 8C "]
[Date "1899-12-30"]
[Round "1.4"]
[White "Musial, Tomasz"]
[Black "Manik, Mikulas"]
[Result "0-1"]
[WhiteTitle "I++"]
[BlackTitle "GM"]
[WhiteElo "2078"]
[BlackElo "2417"]

1. Nf3 Nf6 2. c4 g6 3. g3 Bg7 4. Bg2 O-O 5. O-O d6 6. d4 Nc6 7. Nc3 a6 8. b3 Rb8
9. d5 Na5 10. Bd2 c6 11. dxc6 bxc6 12. Rc1 c5 13. Bg5 h6 14. Be3 Ng4 15. Bd2 Nc6
16. h3 Nf6 17. Bf4 e5 18. Be3 Nd4 19. Nd2 Nh5 20. Nd5 f5 21. Nb1 Ne6 22. Bd2 f4
23. g4 Nf6 24. Nbc3 Nd4 25. Nxf6+ Qxf6 26. Bd5+ Kh7 27. Kg2 Qh4 28. Be1 Bxg4 29.
Rh1 f3+ 30. exf3 Bxf3+ 31. Bxf3 Rxf3 32. Ne2 Rbf8 33. Ng3 Rxg3+ 0-1

[Event "Miedzynarodowe Mistrzostwa Chrzanowa w szachach klasycznych"]
[Site "SP8 Chrzanow, ul. Pogorska 8C "]
[Date "1899-12-30"]
[Round "1.5"]
[White "Pietruszewski, Marcin"]
[Black "Vypkhaniuk, Ihor"]
[Result "1-0"]
[WhiteTitle "k+"]
[BlackTitle ""]
[WhiteElo "2249"]
[BlackElo "2361"]

1. e4 d6 2. d4 Nf6 3. Nc3 e5 4. Nf3 Nbd7 5. Bc4 Be7 6. O-O O-O 7. Re1 a6 8. a4
b6 9. Ne2 Bb7 10. Ng3 Nxe4 11. Nxe4 d5 12. Bb3 dxe4 13. Nxe5 Bd6 14. Nc4 Qh4 15.
Nxd6 cxd6 16. Qd2 Qf6 17. c3 Rac8 18. Qg5 Rfe8 19. Bf4 Qxg5 20. Bxg5 d5 21. Rac1
h6 22. Bd2 b5 23. axb5 axb5 24. Ra1 Ra8 25. Bf4 Nb6 26. Bd6 Nc4 27. Bxc4 bxc4
28. Rab1 Ba6 29. b3 Re6 30. Bc5 cxb3 31. Rxb3 Bd3 32. Rb2 g5 33. Rd2 Kg7 34. f3
Rae8 35. fxe4 Bxe4 36. Ra2 Kg6 37. h3 h5 38. Kh2 h4 39. Ree2 f5 40. Ra7 g4 41.
g3 f4 42. gxf4 g3+ 43. Kg1 Rb8 44. Bb4 Rf6 45. Re1 Re8 46. c4 Rxf4 47. cxd5 Rf2
48. Ra6+ Kf5 49. Re6 Rg2+ 50. Kf1 Rf2+ 51. Kg1 Rg2+ 52. Kf1 Rf2+ 53. Kg1 Rxe6
54. dxe6 Rg2+ 55. Kf1 Rf2+ 56. Kg1 Rg2+ 57. Kf1 Rh2 58. e7 Bf3 59. Re5+ Kf6 60.
Re6+ Kf5 61. Ke1 1-0

[Event "Miedzynarodowe Mistrzostwa Chrzanowa w szachach klasycznych"]
[Site "SP8 Chrzanow, ul. Pogorska 8C "]
[Date "1899-12-30"]
[Round "2.1"]
[White "Szczurek, Krzysztof"]
[Black "Vypkhaniuk, Ihor"]
[Result "0-1"]
[WhiteTitle "FM"]
[BlackTitle ""]
[WhiteElo "2149"]
[BlackElo "2361"]

1. Nf3 d5 2. g3 g6 3. Bg2 Bg7 4. O-O e5 5. d3 Ne7 6. e4 O-O 7. Qe2 Nbc6 8. Bg5
f6 9. Be3 Be6 10. exd5 Nxd5 11. Bc5 Re8 12. Nc3 Qd7 13. Rfe1 Rad8 14. Rad1 b6
15. Be3 Nce7 16. Nxd5 Nxd5 17. a3 Bg4 18. c4 Nxe3 19. fxe3 b5 20. cxb5 Qxb5 21.
h3 Bf5 22. Bf1 Rb8 23. b4 c5 24. g4 Be6 25. Rb1 a5 26. a4 Qxa4 27. bxc5 Bd5 28.
Bg2 Bf8 29. g5 Rxb1 30. Rxb1 Bxc5 31. gxf6 Qf4 32. Rb5 Qxe3+ 33. Qxe3 Bxe3+ 34.
Kf1 Bxf3 35. Bxf3 Kf7 36. Ke2 Bd4 37. Rxa5 Kxf6 38. Ra8 Re7 39. Bd5 Kg5 40. Rf8
Rd7 41. Be4 Ra7 42. Kf3 Kh4 43. Bd5 Kxh3 44. Rf7 Rxf7+ 45. Bxf7 Kh4 46. Bg8 h6
47. Bf7 g5 48. Be6 h5 49. Kg2 g4 50. Kh2 Kg5 51. Kg3 h4+ 52. Kg2 Kf4 53. Bd7 Bc5
54. Be6 Bb6 55. Bd7 Ba5 56. Bc8 Bb4 57. Bd7 h3+ 58. Kh2 Kg5 59. Kg3 Be1+ 60. Kh2
Kh4 61. Kg1 g3 62. Bc6 Bf2+ 63. Kf1 Bd4 64. Bg2 hxg2+ 65. Kxg2 Bc3 0-1

[Event "Miedzynarodowe Mistrzostwa Chrzanowa w szachach klasycznych"]
[Site "SP8 Chrzanow, ul. Pogorska 8C "]
[Date "1899-12-30"]
[Round "2.2"]
[White "Manik, Mikulas"]
[Black "Pietruszewski, Marcin"]
[Result "1-0"]
[WhiteTitle "GM"]
[BlackTitle "k+"]
[WhiteElo "2417"]
[BlackElo "2249"]

1. e4 c6 2. Nf3 d5 3. Nc3 Nf6 4. e5 Ne4 5. Qe2 Nxc3 6. dxc3 Bg4 7. h3 Bxf3 8. Qxf3
e6 9. Bf4 Nd7 10. O-O-O g6 11. c4 Bg7 12. cxd5 exd5 13. Qa3 g5 14. Qg3 h6 15.
h4 Qe7 16. e6 fxe6 17. hxg5 hxg5 18. Rxh8+ Bxh8 19. Bxg5 Bf6 20. Bxf6 Nxf6 21.
Bd3 Kd7 22. Re1 Qf7 23. Kb1 Rh8 24. a4 a6 25. Qe3 Ne8 26. Qa7 Nd6 27. Bxa6 Kc7
28. a5 Rh4 29. Qb6+ Kc8 30. Qxc6+ 1-0

[Event "Miedzynarodowe Mistrzostwa Chrzanowa w szachach klasycznych"]
[Site "SP8 Chrzanow, ul. Pogorska 8C "]
[Date "1899-12-30"]
[Round "2.3"]
[White "Stachanczyk, Jacek"]
[Black "Musial, Tomasz"]
[Result "0-1"]
[WhiteTitle "IM"]
[BlackTitle "I++"]
[WhiteElo "2209"]
[BlackElo "2078"]

1. e4 e6 2. d3 d5 3. Nd2 c5 4. g3 Nc6 5. Bg2 Nf6 6. Ngf3 Be7 7. O-O O-O 8. Re1
b5 9. e5 Nd7 10. Nf1 a5 11. h4 b4 12. Bf4 a4 13. a3 bxa3 14. bxa3 Ba6 15. h5 Nd4
16. Nxd4 cxd4 17. Qg4 Kh8 18. h6 g6 19. Bd2 Qc7 20. Qxd4 Qxc2 21. Bb4 Bxb4 22.
Qxb4 Rab8 23. Qe7 Rb2 0-1

[Event "Miedzynarodowe Mistrzostwa Chrzanowa w szachach klasycznych"]
[Site "SP8 Chrzanow, ul. Pogorska 8C "]
[Date "1899-12-30"]
[Round "2.4"]
[White "Pniaczek, Marek"]
[Black "Ustianovich, Nazar"]
[Result "1/2-1/2"]
[WhiteTitle "CM"]
[BlackTitle "FM"]
[WhiteElo "2107"]
[BlackElo "2375"]

1. e4 g6 2. d4 Bg7 3. Nc3 d6 4. f4 a6 5. Nf3 b5 6. Bd3 Nd7 7. O-O c5 8. Be3 cxd4
9. Nxd4 Ngf6 10. a4 bxa4 11. Qe2 Bb7 12. Bf2 O-O 13. Nxa4 Nh5 14. g3 e5 15. fxe5
Nxe5 16. Nc3 Nxd3 17. cxd3 d5 18. Nxd5 Bxd5 19. exd5 Qxd5 20. Qe4 Qxe4 21. dxe4
Rfb8 22. b3 Nf6 23. e5 Ng4 24. Nc6 Re8 25. Bd4 Nxe5 26. Nxe5 Bxe5 27. Bxe5 Rxe5
28. Rf6 Re6 29. Rxe6 fxe6 30. Kf2 Kf7 31. Ke3 Rb8 32. Rxa6 Rxb3+ 33. Ke4 Kf6 34.
Ra5 h6 35. Ra6 g5 36. Ra2 Rb4+ 37. Kf3 g4+ 38. Ke3 Kf5 39. Ra5+ e5 40. Ra2 Rb3+
41. Ke2 h5 42. Rc2 Ra3 43. Rb2 Rc3 44. Ra2 Rb3 45. Rc2 h4 46. gxh4 Rh3 47. Kf1
Rxh4 48. Kg2 Rh3 49. Rc8 Ra3 50. Rf8+ Kg5 51. Rg8+ Kf4 52. Rf8+ Ke3 53. Kg3 Ra4
54. Re8 e4 55. Kxg4 Kd3 56. h4 e3+ 57. Kf3 Rxh4 58. Rxe3+ 1/2-1/2

[Event "Miedzynarodowe Mistrzostwa Chrzanowa w szachach klasycznych"]
[Site "SP8 Chrzanow, ul. Pogorska 8C "]
[Date "1899-12-30"]
[Round "2.5"]
[White "Tomczak, Mikolaj"]
[Black "Nester, Ihor"]
[Result "1-0"]
[WhiteTitle "FM"]
[BlackTitle "IM"]
[WhiteElo "2383"]
[BlackElo "2340"]

1. d4 f5 2. Nf3 Nf6 3. g3 e6 4. Bg2 Be7 5. O-O O-O 6. c4 d6 7. Nc3 Ne4 8. Nxe4
fxe4 9. Nd2 d5 10. f3 Nc6 11. fxe4 Rxf1+ 12. Nxf1 dxc4 13. Be3 b5 14. a4 b4 15.
e5 Bb7 16. Qc2 Nxd4 17. Qxc4 Bxg2 18. Kxg2 c5 19. Bxd4 cxd4 20. Qxe6+ Kh8 21.
Rd1 h6 22. Ne3 Bc5 23. Nf5 Qg5 24. Rf1 d3 25. exd3 Qd2+ 26. Kh3 Qxd3 27. Rf4 Qc2
28. Nxg7 Be3 29. Nf5 1-0

[Event "Miedzynarodowe Mistrzostwa Chrzanowa w szachach klasycznych"]
[Site "SP8 Chrzanow, ul. Pogorska 8C "]
[Date "1899-12-30"]
[Round "3.1"]
[White "Nester, Ihor"]
[Black "Szczurek, Krzysztof"]
[Result "0-1"]
[WhiteTitle "IM"]
[BlackTitle "FM"]
[WhiteElo "2340"]
[BlackElo "2149"]

1. Nf3 Nf6 2. c4 g6 3. d4 Bg7 4. Nc3 O-O 5. e4 d6 6. Be2 Nbd7 7. O-O e5 8. d5 Nc5
9. Qc2 a5 10. Bg5 h6 11. Be3 b6 12. Nd2 Nh7 13. b3 f5 14. f3 f4 15. Bf2 g5 16.
a3 Ba6 17. b4 Nd7 18. bxa5 bxa5 19. Nb3 Ndf6 20. c5 Bxe2 21. Qxe2 g4 22. fxg4
Qd7 23. h3 h5 24. gxh5 Ng5 25. Nd2 Bh6 26. Nf3 Kh8 27. Nxg5 Bxg5 28. Qf3 Qh7 29.
Rab1 Rab8 30. c6 Nxh5 31. Rb7 Nf6 32. Rfb1 Rbc8 33. Ra7 Bh4 34. Bxh4 Qxh4 35.
Rxa5 Rg8 36. Ne2 Nh7 37. Kh2 Ng5 38. Qg4 Qxg4 39. hxg4 Nxe4 40. Rb3 Rxg4 41. Ra7
Nf6 42. g3 Nxd5 43. Kh3 Rg7 44. gxf4 Rcg8 45. Rg3 Nxf4+ 0-1

[Event "Miedzynarodowe Mistrzostwa Chrzanowa w szachach klasycznych"]
[Site "SP8 Chrzanow, ul. Pogorska 8C "]
[Date "1899-12-30"]
[Round "3.2"]
[White "Ustianovich, Nazar"]
[Black "Tomczak, Mikolaj"]
[Result "0-1"]
[WhiteTitle "FM"]
[BlackTitle "FM"]
[WhiteElo "2375"]
[BlackElo "2383"]

1. d4 Nf6 2. c4 e6 3. Nf3 d5 4. g3 dxc4 5. Bg2 Nc6 6. Qa4 Bb4+ 7. Bd2 Nd5 8. Nc3
Nb6 9. Qc2 Nxd4 10. Nxd4 Qxd4 11. O-O Qd8 12. Rfd1 Qe7 13. a3 Bxc3 14. Bxc3 O-O
15. Qe4 Re8 16. Qe5 f6 17. Qa5 c5 18. Bd2 Nd5 19. Qb5 Rb8 20. Rac1 b6 21. Qxc4
Qf7 22. b4 cxb4 23. axb4 Bb7 24. Qa2 f5 25. e4 fxe4 26. Bxe4 Nxb4 27. Qb1 Bxe4
28. Qxe4 Nd5 29. Re1 e5 30. Rc2 Nf6 31. Qf5 Qe6 32. Qg5 Nd5 33. Rc4 h6 34. Qh4
Rb7 35. Rce4 Qf5 36. g4 Qg6 37. Rxe5 Rxe5 38. Rxe5 Nf6 39. g5 Rd7 40. Qc4+ Kh7
41. Be3 hxg5 42. Bxg5 Nh5 43. Qg4 Rf7 44. h4 Nf4 45. Re3 Rf5 46. Rg3 Ne6 47. f4
Rc5 48. Rg2 Nd4 49. Kh2 Rc3 50. f5 Nxf5 51. Qe4 Rc6 52. Bf4 Qe6 53. Be5 Kg8 54.
Rg5 g6 55. h5 Ne7 56. Rg2 Qf5 57. Rxg6+ Rxg6 58. Qa8+ Qf8 59. Qxf8+ Kxf8 60. hxg6
Nxg6 61. Bb8 a6 62. Bc7 b5 63. Kg3 Ke8 64. Kf3 Kd7 65. Bg3 Kc6 66. Ke4 Ne7 67.
Kd3 Nd5 68. Kd4 a5 69. Bf2 Nb6 70. Be1 b4 71. Bh4 Kb5 72. Bd8 a4 73. Kd3 Nc4 74.
Be7 a3 75. Kc2 Ka4 76. Bf6 Ne3+ 77. Kd3 Nd5 78. Ba1 Kb3 79. Bd4 Ka2 80. Ke4 0-1

[Event "Miedzynarodowe Mistrzostwa Chrzanowa w szachach klasycznych"]
[Site "SP8 Chrzanow, ul. Pogorska 8C "]
[Date "1899-12-30"]
[Round "3.3"]
[White "Musial, Tomasz"]
[Black "Pniaczek, Marek"]
[Result "1/2-1/2"]
[WhiteTitle "I++"]
[BlackTitle "CM"]
[WhiteElo "2078"]
[BlackElo "2107"]

1. Nf3 c5 2. c4 Nc6 3. Nc3 g6 4. g3 Bg7 5. Bg2 e6 6. O-O Nge7 7. e3 O-O 8. d4 cxd4
9. Nxd4 d5 10. cxd5 Nxd4 11. exd4 Nxd5 12. Nxd5 exd5 13. Be3 Be6 14. Qb3 Qd7 15.
Rac1 Rfc8 16. Rfd1 Bf6 1/2-1/2

[Event "Miedzynarodowe Mistrzostwa Chrzanowa w szachach klasycznych"]
[Site "SP8 Chrzanow, ul. Pogorska 8C "]
[Date "1899-12-30"]
[Round "3.4"]
[White "Pietruszewski, Marcin"]
[Black "Stachanczyk, Jacek"]
[Result "1-0"]
[WhiteTitle "k+"]
[BlackTitle "IM"]
[WhiteElo "2249"]
[BlackElo "2209"]

1. e4 c5 2. Nf3 d6 3. d4 cxd4 4. Nxd4 Nf6 5. Nc3 g6 6. Be3 Bg7 7. f3 O-O 8. Qd2
Nc6 9. O-O-O d5 10. exd5 Nxd5 11. Nxc6 bxc6 12. Bd4 Bxd4 13. Qxd4 Qb6 14. Na4
Qa5 15. b3 Be6 16. Qe5 Rfd8 17. c4 Qc7 18. Rxd5 1-0

[Event "Miedzynarodowe Mistrzostwa Chrzanowa w szachach klasycznych"]
[Site "SP8 Chrzanow, ul. Pogorska 8C "]
[Date "1899-12-30"]
[Round "3.5"]
[White "Vypkhaniuk, Ihor"]
[Black "Manik, Mikulas"]
[Result "1/2-1/2"]
[WhiteTitle ""]
[BlackTitle "GM"]
[WhiteElo "2361"]
[BlackElo "2417"]

1. g3 c5 2. Bg2 g6 3. c4 Bg7 4. Nc3 Nc6 5. Nf3 e6 6. d3 Nge7 7. Bg5 h6 8. Bd2 d5
9. a3 O-O 10. Rb1 b6 11. b4 cxb4 12. axb4 dxc4 13. dxc4 Bb7 14. Qc1 Ne5 15. Bxh6
Bxh6 16. Qxh6 Bxf3 17. exf3 Nf5 18. Qd2 Qxd2+ 19. Kxd2 Rfd8+ 20. Ke2 Nd4+ 21.
Kf1 Nxc4 22. Rd1 Nc2 23. Ke2 Nxb4 24. f4 Rac8 25. Bb7 Rb8 26. Be4 Nd6 27. Bb1
Rbc8 28. Rc1 Nf5 29. Nb5 a6 30. Rxc8 Rxc8 31. Bxf5 exf5 32. Nd4 Re8+ 33. Kd2 Rd8
34. Ke3 b5 35. Rc1 Re8+ 36. Kd2 Rd8 37. Ke3 Nd5+ 38. Kf3 b4 39. Ra1 Rb8 40. Nb3
Rc8 41. Ke2 Rc2+ 42. Ke1 Rc3 43. Nd2 Rc6 44. Nb3 Nc3 45. f3 Re6+ 46. Kf1 Re2 47.
Rxa6 Rxh2 48. Rb6 Ne2 49. g4 fxg4 50. fxg4 Ng3+ 51. Kg1 Rb2 52. Nd4 Rd2 53. Nb3
Ne2+ 54. Kf2 Rb2 55. Nc5 Nxf4+ 56. Kf3 Nd5 57. Rb7 Rb1 58. g5 Rf1+ 59. Kg3 Rg1+
60. Kh4 Ne3 61. Rxb4 Nf5+ 62. Kh3 Rxg5 63. Ne4 Rh5+ 64. Kg2 Kg7 65. Rb6 Rh4 66.
Kf3 Nd4+ 67. Ke3 Ne6 68. Ng3 Ng5 69. Rb7 Rg4 70. Ne2 Ne6 71. Kf3 Ra4 72. Ng3 Ng5+
73. Ke3 Kh6 74. Rb6 Ra3+ 75. Kf2 Nh3+ 76. Kg2 Nf4+ 77. Kf2 Kg5 78. Ne4+ Kf5 79.
Nd6+ Kg4 80. Nxf7 Rf3+ 81. Ke1 Ng2+ 82. Ke2 Rxf7 83. Rxg6+ Kh3 84. Rg8 Kh2 85.
Kd3 Kg1 86. Ke4 Kf2 87. Ra8 Re7+ 88. Kd4 Ne3 89. Rf8+ Ke2 90. Rh8 Nf5+ 91. Kd5
Kd3 92. Rh3+ Ne3+ 93. Kd6 Re4 94. Kc5 Re5+ 95. Kd6 Rg5 96. Rh1 Kd4 97. Rh4+ Ng4
98. Rh1 Rg6+ 99. Ke7 Ne3 100. Kd7 Ra6 101. Re1 Rh6 102. Ke7 Nf5+ 103. Kf7 Nd6+
104. Ke7 Kd5 105. Rd1+ Ke5 106. Re1+ Ne4 107. Kd7 Rg6 108. Kc7 Re6 109. Kd7 Ra6
110. Kc7 Ra4 111. Kd7 Rc4 112. Ke7 Rc7+ 113. Kd8 Rh7 114. Ke8 Kd5 115. Kd8 Nf6
116. Rd1+ Kc6 117. Rc1+ Kd6 118. Rd1+ Nd5 119. Ke8 Kc6 120. Rc1+ Kb7 121. Kd8
Nc7 122. Rc2 Kb6 123. Rc1 Nd5 124. Rc2 Nf6 125. Rc1 Rd7+ 126. Kc8 Re7 127. Rb1+
Kc6 128. Rc1+ Kd6 129. Rd1+ Nd5 130. Kd8 Re2 131. Rc1 Rf2 132. Kc8 Ne7+ 133. Kb7
Rb2+ 134. Ka6 Rb3 135. Ka5 Nd5 136. Ka4 Rb8 1/2-1/2

[Event "Miedzynarodowe Mistrzostwa Chrzanowa w szachach klasycznych"]
[Site "SP8 Chrzanow, ul. Pogorska 8C "]
[Date "1899-12-30"]
[Round "4.1"]
[White "Szczurek, Krzysztof"]
[Black "Manik, Mikulas"]
[Result "1/2-1/2"]
[WhiteTitle "FM"]
[BlackTitle "GM"]
[WhiteElo "2149"]
[BlackElo "2417"]

1. Nf3 Nf6 2. g3 b5 3. Bg2 Bb7 4. O-O g6 5. b3 Bg7 6. Bb2 c5 7. d4 cxd4 8. Nxd4
Bxg2 9. Kxg2 Qb6 10. e3 O-O 11. Qe2 a6 12. Nd2 d5 13. Rfc1 Nbd7 14. a4 Rab8 15.
N4f3 b4 16. c4 bxc3 1/2-1/2

[Event "Miedzynarodowe Mistrzostwa Chrzanowa w szachach klasycznych"]
[Site "SP8 Chrzanow, ul. Pogorska 8C "]
[Date "1899-12-30"]
[Round "4.2"]
[White "Stachanczyk, Jacek"]
[Black "Vypkhaniuk, Ihor"]
[Result "0-1"]
[WhiteTitle "IM"]
[BlackTitle ""]
[WhiteElo "2209"]
[BlackElo "2361"]

1. e4 c5 2. Nf3 Nc6 3. d4 cxd4 4. Nxd4 e5 5. Nxc6 bxc6 6. Bc4 Nf6 7. O-O Bc5 8.
Nc3 O-O 9. Qf3 d6 10. Be3 Bxe3 11. Qxe3 Qb6 12. Qxb6 axb6 13. Bb3 Rd8 14. Rad1
Ba6 15. Rfe1 Kf8 16. Rd2 Ke7 17. f3 Nd7 18. Nd1 Nc5 19. Ne3 g6 20. Red1 b5 21.
Kf2 h5 22. h4 Bc8 23. c3 f5 24. exf5 gxf5 25. Nc2 Bb7 26. Nb4 d5 27. Nd3 Nd7 28.
Re1 Kd6 29. a3 c5 30. Bc2 c4 31. Nb4 f4 32. Bg6 Nf6 33. Rde2 Rg8 34. Bf5 Rae8
35. Nc2 Bc6 36. Kg1 Rg7 37. Rf2 Ng8 38. Rd1 Ne7 39. Bh3 Ng6 40. Bf5 Nxh4 0-1

[Event "Miedzynarodowe Mistrzostwa Chrzanowa w szachach klasycznych"]
[Site "SP8 Chrzanow, ul. Pogorska 8C "]
[Date "1899-12-30"]
[Round "4.3"]
[White "Pniaczek, Marek"]
[Black "Pietruszewski, Marcin"]
[Result "0-1"]
[WhiteTitle "CM"]
[BlackTitle "k+"]
[WhiteElo "2107"]
[BlackElo "2249"]

1. e4 c6 2. d4 d5 3. Nc3 dxe4 4. Nxe4 Bf5 5. Ng3 Bg6 6. Nh3 Nf6 7. Bc4 Nbd7 8.
O-O Qc7 9. Nf4 e6 10. Bxe6 fxe6 11. Nxe6 Qd6 12. Re1 Kf7 13. Bf4 Qb4 14. Nc7 Rc8
15. Qe2 Kg8 16. c4 h5 17. h4 Kh7 18. Rad1 Qa5 19. a3 Rxc7 20. b4 Qxa3 21. Bxc7
Bxb4 22. Ra1 Qc3 23. Red1 a5 24. Rac1 Qb3 25. d5 Re8 26. Qf3 Qxf3 27. gxf3 cxd5
28. cxd5 b5 29. f4 Ra8 30. Be5 Bf8 31. Rc7 a4 32. Ba1 b4 33. f5 Be8 34. d6 b3
35. Rb7 Ra6 36. Bxf6 Nxf6 37. Ne2 Bxd6 38. Nd4 Bd7 39. Ne6 Bxe6 40. fxe6 a3 41.
Rxb3 a2 0-1

[Event "Miedzynarodowe Mistrzostwa Chrzanowa w szachach klasycznych"]
[Site "SP8 Chrzanow, ul. Pogorska 8C "]
[Date "1899-12-30"]
[Round "4.4"]
[White "Tomczak, Mikolaj"]
[Black "Musial, Tomasz"]
[Result "1-0"]
[WhiteTitle "FM"]
[BlackTitle "I++"]
[WhiteElo "2383"]
[BlackElo "2078"]

1. d4 Nf6 2. c4 e6 3. Nc3 d5 4. cxd5 exd5 5. Bg5 c6 6. e3 Bf5 7. Qf3 Bg6 8. Bxf6
Qxf6 9. Qxf6 gxf6 10. h4 h5 11. Nh3 Bd6 12. Kd2 Nd7 13. Bd3 Nf8 14. Nf4 Rh6 15.
f3 Bxd3 16. Kxd3 Ne6 17. Nce2 f5 18. Nxe6 fxe6 19. Rag1 Be7 20. g4 hxg4 21. fxg4
fxg4 22. Rxg4 Kd7 23. Rg7 Kd6 24. h5 Rah8 25. Nf4 R8h7 26. Rhg1 Rxg7 27. Rxg7
Bf6 28. Rxb7 e5 29. dxe5+ Bxe5 30. Ng6 Rxh5 31. Nxe5 Kxe5 32. Rxa7 c5 33. a4 c4+
34. Kc3 Rh3 35. Kb4 Rh2 36. Kc3 Rh3 37. Re7+ Kd6 38. Re8 Kc5 39. Re5 Rh1 40. a5
Kd6 41. Re8 Rc1+ 42. Kd2 Ra1 43. Ra8 Rb1 44. Kc2 Re1 45. a6 Kc7 46. Re8 Kb6 47.
Re6+ Ka7 48. Kd2 Rb1 49. Kc3 Rd1 50. Kb4 d4 51. e4 Rc1 52. Rc6 d3 53. Rd6 Rc2
54. e5 Rxb2+ 55. Kxc4 Re2 56. Kd5 Rd2 57. e6 Rc2 58. Ke5 Re2+ 59. Kf6 d2 60. e7
Rf2+ 61. Ke6 Re2+ 62. Kd7 1-0

[Event "Miedzynarodowe Mistrzostwa Chrzanowa w szachach klasycznych"]
[Site "SP8 Chrzanow, ul. Pogorska 8C "]
[Date "1899-12-30"]
[Round "4.5"]
[White "Nester, Ihor"]
[Black "Ustianovich, Nazar"]
[Result "0-1"]
[WhiteTitle "IM"]
[BlackTitle "FM"]
[WhiteElo "2340"]
[BlackElo "2375"]

1. Nf3 g6 2. d4 Bg7 3. c4 Nf6 4. g3 d5 5. cxd5 Nxd5 6. Bg2 Nb6 7. O-O Nc6 8. e3
O-O 9. Nc3 e5 10. d5 Na5 11. e4 c6 12. Bg5 f6 13. Be3 cxd5 14. exd5 Nac4 15. Bc5
Rf7 16. b3 Nd6 17. Nd2 Bf8 18. Qe2 Bd7 19. Rac1 Nbc8 20. Rfd1 Nf5 21. Nde4 Bxc5
22. Nxc5 Nd4 23. Qe3 Nd6 24. Ne6 Bxe6 25. dxe6 Rc7 26. Nd5 Rxc1 27. Rxc1 Nxe6
28. Rd1 Nd4 29. g4 g5 30. h4 h6 31. hxg5 hxg5 32. Be4 Kg7 33. Kg2 Qd7 34. f3 Rc8
35. Kg3 Qf7 36. Rh1 Rh8 37. Rc1 Rc8 38. Rxc8 Nxc8 39. Kg2 Ne7 40. Nxe7 Qxe7 41.
Qc3 Qd7 42. Qc4 b6 43. Kg3 a5 44. Qf1 Qc8 45. Qh1 Qh8 46. Qxh8+ Kxh8 47. Kf2 Kg7
48. Ke3 Kf7 49. Kd3 b5 50. a4 b4 51. Kc4 Ke6 52. Kc5 Nxb3+ 53. Kb6 Kd6 54. Kb5
Nc5 55. Bb1 Nb3 56. Be4 Nd2 57. Bd3 b3 58. Kxa5 b2 59. Kb6 Nc4+ 60. Kb5 Na3+ 61.
Kb6 Kd5 62. a5 Kd4 63. Be4 Kc3 64. a6 Nc2 65. a7 b1=Q+ 66. Kc7 Qa2 67. a8=Q Qxa8
68. Bxa8 Kd4 69. Kd6 Ke3 70. Ke6 Kf4 71. Kxf6 Nd4 0-1

[Event "Miedzynarodowe Mistrzostwa Chrzanowa w szachach klasycznych"]
[Site "SP8 Chrzanow, ul. Pogorska 8C "]
[Date "1899-12-30"]
[Round "5.1"]
[White "Ustianovich, Nazar"]
[Black "Szczurek, Krzysztof"]
[Result "1-0"]
[WhiteTitle "FM"]
[BlackTitle "FM"]
[WhiteElo "2375"]
[BlackElo "2149"]

1. d4 Nf6 2. c4 c5 3. d5 b5 4. cxb5 a6 5. bxa6 Bxa6 6. Nc3 g6 7. Nf3 d6 8. g3 Bg7
9. Bg2 O-O 10. O-O Qb6 11. Qc2 Nbd7 12. h3 Ne8 13. Bg5 Ndf6 14. Rfe1 Nc7 15. e4
Rfb8 16. Rab1 Nb5 17. e5 Nd7 18. e6 Nf6 19. exf7+ Kxf7 20. Bf4 h6 21. Nh4 Nd4
22. Qxg6+ Kf8 23. Rxe7 Ne4 24. Qf7# 1-0

[Event "Miedzynarodowe Mistrzostwa Chrzanowa w szachach klasycznych"]
[Site "SP8 Chrzanow, ul. Pogorska 8C "]
[Date "1899-12-30"]
[Round "5.2"]
[White "Musial, Tomasz"]
[Black "Nester, Ihor"]
[Result "1/2-1/2"]
[WhiteTitle "I++"]
[BlackTitle "IM"]
[WhiteElo "2078"]
[BlackElo "2340"]

1. Nf3 f5 2. g3 Nf6 3. Bg2 e6 4. O-O Be7 5. c4 O-O 6. b3 d6 7. d4 a5 8. Nc3 Ne4
9. Bb2 Nxc3 10. Bxc3 Bf6 11. Rc1 Qe8 12. d5 Bxc3 13. Rxc3 e5 14. e4 Na6 15. a3
b6 16. Nd2 f4 17. Qb1 Qh5 18. Rfc1 Bg4 19. f3 fxg3 20. hxg3 Bh3 21. Kf2 Bxg2 22.
Kxg2 Nc5 23. Rh1 Qg5 24. Qe1 Nd7 25. Qe3 Qg6 26. Rh4 Rf6 27. Rg4 Qf7 28. Kf2 Rg6
29. Rxg6 Qxg6 30. Rc1 Rf8 31. Rg1 Nf6 32. Ke2 Qh5 33. Qf2 Nd7 34. Ke3 Qh6+ 35.
Kd3 Nc5+ 36. Kc2 Qh5 37. Rg2 a4 38. b4 Nb3 39. g4 Qf7 40. Nxb3 axb3+ 41. Kxb3
Qxf3+ 42. Qxf3 Rxf3+ 43. Ka4 Kf7 44. Kb5 Rxa3 45. Kc6 Rc3 46. c5 bxc5 47. b5 Rb3
48. Kxc7 Rxb5 49. Kxd6 c4 50. Kxe5 c3 51. Rc2 Rb3 52. Kd4 Rb4+ 53. Kd3 Kf6 54.
Rxc3 Ke5 55. Rc7 Rd4+ 56. Kc3 Rxe4 57. Rxg7 Kxd5 58. Rxh7 Rxg4 1/2-1/2